[Event "Bayern-ch Seniors op 27th"]
[Site "Bergen"]
[Date "2015.06.15"]
[Round "6"]
[White "Braeu, Ludwig"]
[Black "Kammel, Rudolf"]
[Result "1-0"]
[WhiteElo "1733"]
[BlackElo "1582"]
[PlyCount "117"]
[EventDate "2015.06.15"]
[EventType "swiss"]
[EventRounds "9"]
[EventCountry "GER"]
[SourceTitle "EXT 2019"]
[Source "ChessBase"]
[SourceDate "2018.10.10"]
[SourceVersion "1"]
[SourceVersionDate "2018.10.10"]
[SourceQuality "1"]

1. c4 e6 2. g3 d5 3. Bg2 Nf6 4. Nf3 c5 5. e3 Nc6 6. 0-0 Be7 7. b3 0-0 8. Bb2 Ne4 9. d3 Bf6 10. Bxf6 Qxf6 11. Na3 Nd6 12. Qc1 b6 13. cxd5 exd5 14. d4 Ba6 15. Re1 Ne4 16. Qb2 Nb4 17. Ne5 Nd3 18. Nxd3 Bxd3 19. Rad1 Ba6 20. Nc4 dxc4 21. Bxe4 Rad8 22. bxc4 Bxc4 23. Qc2 Be6 24. dxc5 bxc5 25. Qxc5 Rb8 26. Rd2 Rb6 27. Qc7 Ra6 28. Bb1 Bh3 29. f4 Rc6 30. Qxa7 Rfc8 31. Qd4 Qe7 32. Qe4 Qxe4 33. Bxe4 Rc3 34. Kf2 Kf8 35. Rb1 Re8 36. Bg2 Bxg2 37. Kxg2 Rcxe3 38. Kf2 f5 39. Rb3 Re1 40. Rb7 h5 41. Rbd7 Ra1 42. Rd8 Rae1 43. Rxe8+ Rxe8 44. h4 Rc8 45. a4 Rc3 46. Ra2 Ke7 47. a5 Kd6 48. a6 Rc8 49. a7 Ra8 50. Ke3 Kc5 51. Kd3 g6 52. Kc3 Kd5 53. Ra4 Kc5 54. Ra5+ Kb6 55. Kb4 Kb7 56. Kb5 Rd8 57. a8Q+ Rxa8 58. Rxa8 Kxa8 59. Kc6 1-0

[Event "Bayern-ch Seniors op 27th"]
[Site "Bergen"]
[Date "2015.06.15"]
[Round "9"]
[White "Kammel, Rudolf"]
[Black "Kalkmann, Hans"]
[Result "0-1"]
[WhiteElo "1582"]
[BlackElo "1859"]
[PlyCount "72"]
[EventDate "2015.06.15"]
[EventType "swiss"]
[EventRounds "9"]
[EventCountry "GER"]
[SourceTitle "EXT 2019"]
[Source "ChessBase"]
[SourceDate "2018.10.10"]
[SourceVersion "1"]
[SourceVersionDate "2018.10.10"]
[SourceQuality "1"]

1. e4 c6 2. d4 d5 3. exd5 cxd5 4. Bd3 Nf6 5. h3 e6 6. Ne2 Bd7 7. Bf4 Qb6 8. Nbc3 Bd6 9. Bxd6 Qxd6 10. Qd2 a6 11. Nd1 Bc6 12. c3 Nbd7 13. f4 g6 14. 0-0 0-0 15. Nf2 Nb6 16. b3 Ne4 17. Qe3 f5 18. c4 Nd7 19. c5 Qe7 20. Kh2 Qg7 21. g4 Nxf2 22. Rxf2 Nxc5 23. Rd1 Ne4 24. Rg2 Qd7 25. Ng1 Qd6 26. Nf3 fxg4 27. Rxg4 Nf6 28. Rg5 Nh5 29. Ne5 Be8 30. Rxh5 gxh5 31. Rg1+ Kh8 32. Rg5 Qe7 33. Nd7 Bxd7 34. Rxh5 Rf7 35. Qe5+ Kg8 36. Rg5+ Rg7 0-1

[Event "Oberpfalz-ch M2"]
[Site "Schwandorf"]
[Date "2015.03.29"]
[Round "3"]
[White "Dechant, Georg"]
[Black "Kammel, Rudolf"]
[Result "1-0"]
[WhiteElo "1814"]
[BlackElo "1639"]
[PlyCount "49"]
[EventDate "2015.03.28"]
[EventType "swiss"]
[EventRounds "8"]
[EventCountry "GER"]
[SourceTitle "EXT 2022"]
[Source "ChessBase"]
[SourceDate "2021.10.06"]
[SourceVersion "1"]
[SourceVersionDate "2021.10.06"]
[SourceQuality "1"]

1. e4 e6 2. d4 d5 3. e5 c5 4. c3 Nc6 5. Nf3 Qb6 6. a3 Nge7 7. dxc5 Qc7 8. Bb5 g6 9. 0-0 Bg7 10. Re1 0-0 11. Bg5 Nxe5 12. Nxe5 f6 13. Nxg6 Nxg6 14. Be3 Qf7 15. Nd2 f5 16. Nf3 f4 17. Bd4 Ne7 18. Ne5 Qf5 19. Bd3 Qg5 20. Nf3 Qh5 21. Bxg7 Kxg7 22. Re5 Qh6 23. Nd4 Rf6 24. Qg4+ Kh8 25. Rh5 1-0

[Event "Bad Griesbach Seniors op 14th"]
[Site "Bad Griesbach"]
[Date "2011.12.08"]
[Round "5"]
[White "Kammel, Rudolf"]
[Black "Lamprecht, Rudolf"]
[Result "1/2-1/2"]
[WhiteElo "1626"]
[BlackElo "1818"]
[PlyCount "91"]
[EventDate "2011.12.04"]
[EventType "swiss"]
[EventRounds "7"]
[EventCountry "GER"]
[SourceTitle "EXT 2015"]
[Source "ChessBase"]
[SourceDate "2014.11.20"]
[SourceVersion "1"]
[SourceVersionDate "2014.11.20"]
[SourceQuality "1"]

1. e4 e6 2. d3 d5 3. Nd2 dxe4 4. dxe4 Nc6 5. Ngf3 Bc5 6. c3 Nge7 7. b4 Bb6 8. Bc4 Ng6 9. 0-0 0-0 10. Nb3 Qe7 11. Bg5 f6 12. Bd2 Kh8 13. Qc2 Nce5 14. Be2 Nxf3+ 15. Bxf3 e5 16. c4 c6 17. g3 Bh3 18. Rfe1 Rad8 19. Bc3 Rd7 20. Rad1 Rfd8 21. Rxd7 Rxd7 22. Rd1 Nf8 23. Rd2 Ne6 24. Qd1 Ng5 25. Qe2 Nxf3+ 26. Qxf3 Rxd2 27. Nxd2 Qd7 28. c5 Bc7 29. Qe2 Be6 30. Nf1 Kg8 31. a3 Bg4 32. f3 Be6 33. Qd2 Kf7 34. g4 h5 35. h3 hxg4 36. hxg4 Qe7 37. Bb2 Kf8 38. Bc1 Bf7 39. Ng3 Be6 40. Qd3 Kf7 41. Be3 Qe8 42. Qd2 Qh8 43. Qh2 Qxh2+ 44. Kxh2 g6 45. Kg2 Bc4 46. Kf2 1/2-1/2

[Event "Bad Griesbach Seniors op 14th"]
[Site "Bad Griesbach"]
[Date "2011.12.06"]
[Round "3"]
[White "Kammel, Rudolf"]
[Black "Bilyavskyy, Borys"]
[Result "1-0"]
[WhiteElo "1626"]
[BlackElo "1757"]
[PlyCount "53"]
[EventDate "2011.12.04"]
[EventType "swiss"]
[EventRounds "7"]
[EventCountry "GER"]
[SourceTitle "EXT 2015"]
[Source "ChessBase"]
[SourceDate "2014.11.20"]
[SourceVersion "1"]
[SourceVersionDate "2014.11.20"]
[SourceQuality "1"]

1. e4 d6 2. d4 Nf6 3. Nc3 g6 4. Bc4 Bg7 5. Qe2 Nc6 6. e5 dxe5 7. dxe5 Ng4 8. e6 Nge5 9. exf7+ Nxf7 10. Be3 Qd6 11. Nb5 Qb4+ 12. c3 Qa5 13. Nf3 a6 14. b4 Nxb4 15. Bxf7+ Kxf7 16. Ng5+ Ke8 17. Nd4 Nd5 18. 0-0 Bd7 19. Nb3 h6 20. Nxa5 hxg5 21. Bxg5 b6 22. Rad1 Nf6 23. Rxd7 Kxd7 24. Rd1+ Ke8 25. Nc6 Ng8 26. Bxe7 Kf7 27. Rd7 1-0

[Event "Bad Griesbach Seniors op 14th"]
[Site "Bad Griesbach"]
[Date "2011.12.04"]
[Round "1"]
[White "Kammel, Rudolf"]
[Black "Leuschner, Guenter"]
[Result "0-1"]
[WhiteElo "1626"]
[BlackElo "1816"]
[PlyCount "72"]
[EventDate "2011.12.04"]
[EventType "swiss"]
[EventRounds "7"]
[EventCountry "GER"]
[SourceTitle "EXT 2015"]
[Source "ChessBase"]
[SourceDate "2014.11.20"]
[SourceVersion "1"]
[SourceVersionDate "2014.11.20"]
[SourceQuality "1"]

1. e4 d5 2. exd5 Qxd5 3. Nf3 Nf6 4. Be2 Bf5 5. Nc3 Qd8 6. Nh4 Bd7 7. d4 e6 8. 0-0 Be7 9. Nf3 Nc6 10. Bg5 a6 11. Bxf6 Bxf6 12. Ne4 Be7 13. c4 0-0 14. a3 Na7 15. Ne5 Nc6 16. Bf3 Nxe5 17. dxe5 Bc6 18. Qc2 Qd4 19. Rfe1 Qxe5 20. Nc3 Qc5 21. Ne4 Qf5 22. Qe2 Rad8 23. Ng3 Qc5 24. Ne4 Qe5 25. b4 Rd4 26. c5 Rfd8 27. Qc2 Qf5 28. Rac1 Qg6 29. Qb1 Rd3 30. Re3 Rxe3 31. fxe3 f5 32. Ng3 Bxf3 33. gxf3 Qh6 34. Qb3 Rd2 35. Rc2 Qxh2+ 36. Kf1 Qf2# 0-1

[Event "Bad Griesbach Seniors op 13th"]
[Site "Bad Griesbach"]
[Date "2010.12.09"]
[Round "5"]
[White "Kammel, Rudolf"]
[Black "Krase, Peter Axel"]
[Result "0-1"]
[WhiteElo "1580"]
[BlackElo "1784"]
[PlyCount "72"]
[EventDate "2010.12.05"]
[EventType "swiss"]
[EventRounds "7"]
[EventCountry "GER"]
[SourceTitle "EXT 2015"]
[Source "ChessBase"]
[SourceDate "2014.11.20"]
[SourceVersion "1"]
[SourceVersionDate "2014.11.20"]
[SourceQuality "1"]

1. e4 c5 2. d4 cxd4 3. c3 dxc3 4. Nxc3 Nc6 5. Nf3 e6 6. Bc4 a6 7. 0-0 Nge7 8. Bf4 Ng6 9. Bg3 Be7 10. Qe2 b5 11. Bb3 0-0 12. Rfd1 d6 13. Qd2 Nge5 14. Nd4 Qb6 15. Nxc6 Qxc6 16. Rac1 Qb6 17. Qe2 Bg5 18. Bxe5 dxe5 19. Rc2 Bb7 20. Qg4 h6 21. h4 Be7 22. Rd3 Rfd8 23. Rg3 Bf8 24. Qh5 Kh7 25. Qf3 Rd7 26. Nd1 Qd4 27. Re2 a5 28. Nc3 Ba6 29. Nb1 Qb4 30. a3 Qe7 31. h5 Rc8 32. Re1 a4 33. Ba2 b4 34. axb4 Qxb4 35. Nc3 Qxb2 36. Bd5 Rxc3 0-1

[Event "Bad Griesbach Seniors op 12th"]
[Site "Bad Griesbach"]
[Date "2009.11.30"]
[Round "2"]
[White "Slechta, Karel"]
[Black "Kammel, Rudolf"]
[Result "1/2-1/2"]
[WhiteElo "1863"]
[BlackElo "1600"]
[PlyCount "78"]
[EventDate "2009.11.29"]
[EventType "swiss"]
[EventRounds "7"]
[EventCountry "GER"]
[SourceTitle "EXT 2015"]
[Source "ChessBase"]
[SourceDate "2014.11.20"]
[SourceVersion "1"]
[SourceVersionDate "2014.11.20"]
[SourceQuality "1"]

1. e4 e6 2. d4 d5 3. Nd2 dxe4 4. Nxe4 Bd7 5. Nf3 Bc6 6. Bd3 Bxe4 7. Bxe4 c6 8. c3 Nf6 9. Bc2 Nbd7 10. 0-0 Bd6 11. Re1 Qc7 12. Qe2 0-0-0 13. Ne5 Nf8 14. Bb3 Kb8 15. Bf4 Ng6 16. Bg3 Bxe5 17. dxe5 Nd5 18. Qe4 Nde7 19. f4 Rd2 20. Bf2 Nf5 21. g4 Nh6 22. f5 Nf8 23. Qe3 Rxf2 24. Qxf2 Nxg4 25. Qd4 exf5 26. Bxf7 Nd7 27. Qd6 Ndxe5 28. Qxc7+ Kxc7 29. Re2 Nf3+ 30. Kg2 Nge5 31. Bh5 Nh4+ 32. Kh3 Nhg6 33. Bxg6 Nxg6 34. Kg3 Rd8 35. Rf1 Rd3+ 36. Rf3 f4+ 37. Kf2 Rd7 38. Ke1 Rf7 39. Re4 c5 1/2-1/2

[Event "Bad Griesbach Seniors op 12th"]
[Site "Bad Griesbach"]
[Date "2009.11.29"]
[Round "1"]
[White "Kammel, Rudolf"]
[Black "Bock, Ortwin"]
[Result "1/2-1/2"]
[WhiteElo "1600"]
[BlackElo "1806"]
[PlyCount "89"]
[EventDate "2009.11.29"]
[EventType "swiss"]
[EventRounds "7"]
[EventCountry "GER"]
[SourceTitle "EXT 2015"]
[Source "ChessBase"]
[SourceDate "2014.11.20"]
[SourceVersion "1"]
[SourceVersionDate "2014.11.20"]
[SourceQuality "1"]

1. e4 Nc6 2. d4 d5 3. e5 f6 4. f4 Bf5 5. Nf3 Qd7 6. Bb5 a6 7. Ba4 b5 8. Bb3 e6 9. c3 Be7 10. Be3 Nh6 11. Nbd2 Ng4 12. Qe2 Na5 13. Nh4 Nxe3 14. Qxe3 Nxb3 15. axb3 Bc2 16. Nhf3 f5 17. 0-0 0-0 18. b4 c6 19. Ne1 Be4 20. Ndf3 Bd8 21. Nd3 Bxd3 22. Qxd3 a5 23. b3 Bb6 24. bxa5 Bxa5 25. Ra2 Ra7 26. Rfa1 Rfa8 27. b4 Bd8 28. Qc2 h6 29. h4 Qb7 30. g3 Ra6 31. Ne1 R8a7 32. Nd3 Qa8 33. Nc1 g5 34. hxg5 hxg5 35. Rxa6 Rxa6 36. Rxa6 Qxa6 37. Qa2 Qxa2 38. Nxa2 gxf4 39. gxf4 Bh4 40. Nc1 Be1 41. Ne2 Kf7 42. Kg2 Kg6 43. Kh3 Kh6 44. Kg2 Kh5 45. Kh3 1/2-1/2

[Event "Bad Griesbach Seniors op 11th"]
[Site "Bad Griesbach"]
[Date "2008.12.12"]
[Round "6"]
[White "Kammel, Rudolf"]
[Black "Klein, Reinhard"]
[Result "1-0"]
[WhiteElo "1619"]
[BlackElo "1739"]
[PlyCount "71"]
[EventDate "2008.12.07"]
[EventType "swiss"]
[EventRounds "7"]
[EventCountry "GER"]
[SourceTitle "EXT 2015"]
[Source "ChessBase"]
[SourceDate "2014.11.20"]
[SourceVersion "1"]
[SourceVersionDate "2014.11.20"]
[SourceQuality "1"]

1. e4 d6 2. d4 Nf6 3. Nc3 g6 4. Bc4 Bg7 5. Qe2 Nc6 6. Nf3 Bg4 7. Be3 0-0 8. h3 Bxf3 9. gxf3 e5 10. 0-0-0 exd4 11. Bxd4 Nxd4 12. Rxd4 Nh5 13. Rdd1 Qg5+ 14. Kb1 Qa5 15. Rd5 c5 16. Qd2 Be5 17. Ne2 Qxd2 18. Rxd2 a5 19. a4 Rfc8 20. c3 Kf8 21. Kc2 Ke7 22. Rg1 Rf8 23. Nc1 Bf4 24. Rdd1 Bxc1 25. Kxc1 f5 26. Rge1 fxe4 27. Rxe4+ Kd7 28. Bb5+ Kc8 29. Rxd6 Rb8 30. Re5 b6 31. Re7 Ra8 32. Rc6+ Kd8 33. Rcc7 Nf6 34. Rf7 Rxf7 35. Rxf7 Nh5 36. Rf8+ 1-0

[Event "Bad Griesbach Seniors op 11th"]
[Site "Bad Griesbach"]
[Date "2008.12.08"]
[Round "2"]
[White "Huhn, Ulrich"]
[Black "Kammel, Rudolf"]
[Result "1-0"]
[WhiteElo "1771"]
[BlackElo "1619"]
[PlyCount "157"]
[EventDate "2008.12.07"]
[EventType "swiss"]
[EventRounds "7"]
[EventCountry "GER"]
[SourceTitle "EXT 2015"]
[Source "ChessBase"]
[SourceDate "2014.11.20"]
[SourceVersion "1"]
[SourceVersionDate "2014.11.20"]
[SourceQuality "1"]

1. d4 e6 2. Nc3 d5 3. Nf3 Nf6 4. Bg5 Be7 5. e3 0-0 6. Bd3 Nbd7 7. Ne5 a6 8. f4 c5 9. Bxf6 Nxf6 10. g4 c4 11. Be2 Bb4 12. Bf3 Qa5 13. Qd2 Rd8 14. g5 Nd7 15. a3 Nxe5 16. fxe5 Bd7 17. 0-0 Bxc3 18. Qxc3 Qxc3 19. bxc3 Ba4 20. Rf2 Rd7 21. Rb1 a5 22. Rb6 Ra6 23. Rb2 Bc6 24. Bg4 Re7 25. h4 Ra8 26. h5 Rf8 27. Rb1 Kh8 28. Rbf1 Be8 29. Rf4 Kg8 30. Kf2 Ba4 31. Rc1 Rc7 32. Ke2 Re8 33. Kd2 Ree7 34. Rcf1 Be8 35. g6 Rc6 36. Bh3 Rb6 37. Kc1 Ra6 38. Kd2 b5 39. Bg2 h6 40. gxf7+ Rxf7 41. Rxf7 Bxf7 42. Bf3 Rb6 43. Rb1 Be8 44. Bg4 Bd7 45. e4 dxe4 46. Ke3 Be8 47. Be2 Ra6 48. Kxe4 Bc6+ 49. Ke3 Ra7 50. Bg4 Re7 51. Rf1 Bd5 52. Rb1 Rb7 53. Bf3 Bxf3 54. Kxf3 Kf8 55. Ke4 Ke7 56. Rg1 Ke8 57. d5 exd5+ 58. Kxd5 Rf7 59. e6 Rf5+ 60. Kd6 Rg5 61. Rh1 Rg2 62. Rf1 Rd2+ 63. Kc5 Ke7 64. Kxb5 Rd5+ 65. Kxc4 Rxh5 66. Rf7+ Kxe6 67. Rxg7 Kf6 68. Ra7 Rf5 69. Kd4 Kg5 70. c4 h5 71. c5 a4 72. c6 Rf2 73. Ra5+ Kg4 74. Rc5 Rd2+ 75. Ke5 Rd8 76. c7 Rc8 77. Kd6 h4 78. Rc4+ Kg3 79. Kd7 1-0

[Event "Oberpfalz-ch M2"]
[Site "Windischeschenbach"]
[Date "2007.03.31"]
[Round "1"]
[White "Cserti, Istvan"]
[Black "Kammel, Rudolf"]
[Result "1-0"]
[WhiteElo "1777"]
[BlackElo "1621"]
[PlyCount "79"]
[EventDate "2007.03.31"]
[EventType "swiss"]
[EventRounds "8"]
[EventCountry "GER"]
[SourceTitle "EXT 2022"]
[Source "ChessBase"]
[SourceDate "2021.10.06"]
[SourceVersion "1"]
[SourceVersionDate "2021.10.06"]
[SourceQuality "1"]

1. e4 e6 2. d4 d5 3. Nc3 dxe4 4. Nxe4 Bd7 5. Bd3 Bc6 6. Nf3 Bxe4 7. Bxe4 c6 8. c3 Nf6 9. Bc2 g6 10. h4 Qc7 11. Ne5 Bd6 12. f4 Nbd7 13. Qf3 Nd5 14. Bd2 Rf8 15. Rf1 f5 16. 0-0-0 Nxe5 17. fxe5 Be7 18. h5 Qd8 19. hxg6 hxg6 20. Qg3 Rg8 21. Rxf5 Bh4 22. Qg4 exf5 23. Bxf5 Ne7 24. Be6 Rh8 25. Rf1 Rh7 26. g3 Bxg3 27. Qxg3 Qc7 28. Qf3 Nf5 29. Bxf5 gxf5 30. Qxf5 Qf7 31. Qd3 Qg8 32. d5 Rd7 33. d6 0-0-0 34. Qf5 Qh7 35. Qf3 Qg6 36. Qe3 Re8 37. Qxa7 Rdd8 38. Qa8+ Kd7 39. Qxb7+ Ke6 40. Rf6+ 1-0

[Event "Oberpfalz-ch M2"]
[Site "Regensburg"]
[Date "2006.04.11"]
[Round "8"]
[White "Kammel, Rudolf"]
[Black "Guentner, Dietmar"]
[Result "1/2-1/2"]
[WhiteElo "1578"]
[BlackElo "1636"]
[PlyCount "63"]
[EventDate "2006.04.08"]
[EventType "swiss"]
[EventRounds "8"]
[EventCountry "GER"]
[SourceTitle "EXT 2022"]
[Source "ChessBase"]
[SourceDate "2021.10.06"]
[SourceVersion "1"]
[SourceVersionDate "2021.10.06"]
[SourceQuality "1"]

1. e4 c5 2. Nf3 d6 3. d4 cxd4 4. c3 d3 5. c4 Nc6 6. Qxd3 g6 7. Be2 Bg7 8. Nc3 Bd7 9. 0-0 Nf6 10. Bf4 0-0 11. h3 Rc8 12. Rac1 Be6 13. Qe3 Nd7 14. Bh6 Qb6 15. Qxb6 Nxb6 16. Bxg7 Kxg7 17. b3 h6 18. Rfd1 Nd7 19. Nd4 Nxd4 20. Rxd4 a6 21. Rcd1 f6 22. f4 g5 23. f5 Bf7 24. R1d3 Rg8 25. Bf3 Rc7 26. Ne2 Ne5 27. Rd1 Nxf3+ 28. gxf3 Rgc8 29. R1d2 Rc5 30. Kf2 b5 31. cxb5 axb5 32. Rb4 1/2-1/2

[Event "Oberpfalz-ch M2"]
[Site "Regensburg"]
[Date "2006.04.10"]
[Round "5"]
[White "Gogeissl, Christian"]
[Black "Kammel, Rudolf"]
[Result "1-0"]
[WhiteElo "1809"]
[BlackElo "1578"]
[PlyCount "55"]
[EventDate "2006.04.08"]
[EventType "swiss"]
[EventRounds "8"]
[EventCountry "GER"]
[SourceTitle "EXT 2022"]
[Source "ChessBase"]
[SourceDate "2021.10.06"]
[SourceVersion "1"]
[SourceVersionDate "2021.10.06"]
[SourceQuality "1"]

1. Nf3 Nf6 2. g3 d5 3. c4 c6 4. b3 Bf5 5. Bg2 e6 6. 0-0 Be7 7. Bb2 0-0 8. d4 h6 9. Nbd2 Na6 10. Rc1 Rc8 11. Ne5 Rc7 12. a3 Qc8 13. b4 Nb8 14. Qb3 Nbd7 15. c5 Nxe5 16. dxe5 Nd7 17. e4 Bg6 18. f4 f5 19. exf6 Bxf6 20. e5 Be7 21. Bh3 Bf7 22. f5 Nb8 23. f6 gxf6 24. exf6 Bd8 25. Be5 Rd7 26. Qf3 Kh8 27. Bxe6 Bxe6 28. f7+ 1-0

[Event "Oberpfalz-ch M2"]
[Site "Schwarzenfeld"]
[Date "2005.??.??"]
[Round "1"]
[White "Gassner, Michael"]
[Black "Kammel, Rudolf"]
[Result "1/2-1/2"]
[WhiteElo "1826"]
[BlackElo "1656"]
[PlyCount "100"]
[EventDate "2005.03.19"]
[EventType "swiss"]
[EventRounds "8"]
[EventCountry "GER"]
[SourceTitle "EXT 2022"]
[Source "ChessBase"]
[SourceDate "2021.10.06"]
[SourceVersion "1"]
[SourceVersionDate "2021.10.06"]
[SourceQuality "1"]

1. d4 d5 2. Nf3 Nf6 3. Bg5 e6 4. e3 Be7 5. Bd3 0-0 6. Nbd2 Nbd7 7. 0-0 b6 8. Rc1 Bb7 9. c3 a5 10. a4 Re8 11. Qb3 Ne4 12. Bf4 Nd6 13. Qc2 Nf8 14. h3 Ng6 15. Ne5 f5 16. Nxg6 hxg6 17. Nf3 Bf6 18. Ne5 Bxe5 19. Bxe5 Nf7 20. Bh2 e5 21. dxe5 Nxe5 22. Be2 Qf6 23. Rfd1 Re7 24. Qd2 c5 25. Bb5 g5 26. Qe2 f4 27. Re1 c4 28. exf4 gxf4 29. f3 Kf7 30. Rcd1 g5 31. Kf1 Rd8 32. Rd2 Rd6 33. Bg1 Rde6 34. Bd4 Qg6 35. Bxe5 Rxe5 36. Qxe5 Rxe5 37. Rxe5 Bc6 38. Rde2 Bxb5 39. axb5 Qd3 40. Rxg5 d4 41. cxd4 Qd1+ 42. Re1 Qd3+ 43. Kg1 Qxd4+ 44. Kh2 Kf6 45. Rg4 Qxb2 46. Rxf4+ Kg6 47. Rxc4 Qxb5 48. Re6+ Kf5 49. Rcc6 Qb4 50. g4+ Kg5 1/2-1/2

[Event "Oberpfalz-ch M2"]
[Site "Schwarzenfeld"]
[Date "2005.??.??"]
[Round "6"]
[White "Voith, Walter"]
[Black "Kammel, Rudolf"]
[Result "1-0"]
[WhiteElo "1642"]
[BlackElo "1656"]
[PlyCount "69"]
[EventDate "2005.03.19"]
[EventType "swiss"]
[EventRounds "8"]
[EventCountry "GER"]
[SourceTitle "EXT 2022"]
[Source "ChessBase"]
[SourceDate "2021.10.06"]
[SourceVersion "1"]
[SourceVersionDate "2021.10.06"]
[SourceQuality "1"]

1. d4 d5 2. c4 e6 3. g3 Nf6 4. Bg2 Be7 5. Nf3 0-0 6. Qc2 c6 7. 0-0 Nbd7 8. b3 Ne4 9. Nc3 Nxc3 10. Qxc3 Bf6 11. Bf4 c5 12. Be5 Nxe5 13. Nxe5 Bxe5 14. dxe5 d4 15. Qd3 Qc7 16. f4 Rb8 17. Be4 h6 18. g4 b6 19. h4 Bb7 20. h5 Qe7 21. Rf2 Bxe4 22. Qxe4 Qb7 23. Qd3 Rbd8 24. g5 Kh8 25. Rg2 Rg8 26. Kf2 Qe7 27. Rag1 Rdf8 28. Rg4 Qe8 29. Qe4 Qa8 30. Qd3 Qd8 31. Qg3 f6 32. gxh6 gxh6 33. Rg6 Rxg6 34. Qxg6 Qe7 35. Qxh6+ 1-0

[Event "Oberpfalz-ch M2"]
[Site "Regensburg"]
[Date "2004.04.05"]
[Round "5"]
[White "Braeutigam, Markus"]
[Black "Kammel, Rudolf"]
[Result "1/2-1/2"]
[WhiteElo "1355"]
[BlackElo "1642"]
[PlyCount "77"]
[EventDate "2004.04.03"]
[EventType "swiss"]
[EventRounds "8"]
[EventCountry "GER"]
[SourceTitle "EXT 2022"]
[Source "ChessBase"]
[SourceDate "2021.10.06"]
[SourceVersion "1"]
[SourceVersionDate "2021.10.06"]
[SourceQuality "1"]

1. e4 e6 2. d4 d5 3. exd5 exd5 4. Nf3 Bd6 5. Nc3 c6 6. Bd3 Nf6 7. 0-0 0-0 8. h3 Be6 9. Bg5 Nbd7 10. Re1 Qc7 11. Qd2 Rfe8 12. Re2 Nh5 13. Rae1 Nf4 14. Re3 Nxd3 15. Qxd3 Nf8 16. Bh4 Ng6 17. Ng5 Bd7 18. Rxe8+ Rxe8 19. Rxe8+ Bxe8 20. Nf3 Nxh4 21. Nxh4 Qe7 22. Nf3 f6 23. Kf1 g5 24. Ne2 Bg6 25. Qd2 Bb4 26. c3 Bd6 27. Ng3 Bf4 28. Qd1 h5 29. Ne2 Bd6 30. Qd2 Qe4 31. a3 h4 32. Ne1 b5 33. Qe3 a5 34. Nc1 Kg7 35. Ncd3 Kf7 36. Qe2 Qe7 37. Nf3 Be4 38. Qe3 Qd7 39. Nd2 1/2-1/2

[Event "Oberpfalz-ch M2"]
[Site "Regensburg"]
[Date "2004.04.04"]
[Round "4"]
[White "Kammel, Rudolf"]
[Black "Horther Schneider, Elsbeth"]
[Result "0-1"]
[WhiteElo "1642"]
[BlackElo "1767"]
[PlyCount "90"]
[EventDate "2004.04.03"]
[EventType "swiss"]
[EventRounds "8"]
[EventCountry "GER"]
[SourceTitle "EXT 2022"]
[Source "ChessBase"]
[SourceDate "2021.10.06"]
[SourceVersion "1"]
[SourceVersionDate "2021.10.06"]
[SourceQuality "1"]

1. e4 e6 2. d3 d5 3. Nd2 c5 4. Ngf3 Nc6 5. g3 Nf6 6. Bg2 Be7 7. 0-0 0-0 8. exd5 exd5 9. c3 Bg4 10. Re1 Qd7 11. Nf1 Rfe8 12. Bf4 Nh5 13. Qd2 Nxf4 14. Qxf4 Bf6 15. h4 Bf5 16. d4 cxd4 17. cxd4 Be4 18. N1h2 Nb4 19. Ng4 Nd3 20. Nxf6+ gxf6 21. Qh6 Nxe1 22. Rxe1 Qf5 23. Re3 Rac8 24. Ne1 Bxg2 25. Kxg2 Rxe3 26. Qxe3 Qe6 27. Nd3 b6 28. Nf4 Qxe3 29. fxe3 Rc2+ 30. Kf3 Rxb2 31. Nxd5 Rxa2 32. Ne7+ Kf8 33. Nf5 Rc2 34. Ke4 a5 35. d5 Ke8 36. Kd4 Rc5 37. e4 a4 38. Nd6+ Kd7 39. Nc4 Rb5 40. Kc3 Rb3+ 41. Kc2 b5 42. Na5 Rxg3 43. Nc6 Re3 44. Nd4 b4 45. d6 Rxe4 0-1